01065nam a2200277 i 450000100060000000300080000600500170001400800390003102000170007003500190008704000320010604100080013808200250014624501020017126000540027330000240032750000640035150400410041552001400045665100350059665100250063165100320065665100230068870000250071174000510073627316BD-RjUL20211209051135.0140325s1979 nyu j b 001 0deng a0379161710 : a(BD-RjUL)27388 aDLCcDLCdDLCdBD-RjULbeng aeng00a975.500202bCHR 197900aChronology and documentary handbook of the State of Virginia /cEllen Lloyd Trover, State editor. aDobbs Ferry, N.Y. :bOceana Publications,cc1979. ax, 148 p. ;c24 cm. aCover title: Virginia, a chronology & documentary handbook. aBibliography: p. 145-146. and index. aA history of Virginia in chronological format with supporting documents, biographical outlines of prominent citizens, and a name index. 0aVirginiaxHistoryxChronology. 0aVirginiaxBiography. 0aVirginiaxHistoryxSources. 1aVirginiaxHistory.1 aTrover, Ellen Lloyd. aVirginia, a chronology & documentary handbook.